Ливниевые свинцово-сцинтилляционные детекторы монитора светимости установки H1 (Запись № 77490)

Подробности
000 -МАРКЕР
контрольное поле 01611nam0a2200337 4500
001 - ИДЕНТИФИКАТОР ЗАПИСИ
контрольное поле RU\NLR\bibl\18197
005 - ИДЕНТИФИКАТОР ВЕРСИИ
контрольное поле 20260405225651.0
021 ## - НОМЕР ГОСУДАРСТВЕННОЙ РЕГИСТРАЦИИ
Код страны российская федерация
Номер 98-43488
Номер Листа государственной регистраци 2087
035 ## - ДРУГИЕ СИСТЕМНЫЕ НОМЕРА
Идентификатор записи (NLR Aleph) 000017772
100 ## - ДАННЫЕ ОБЩЕЙ ОБРАБОТКИ
Данные общей обработки 19990325d1997 |||y0rusy50 ca
101 0# - ЯЗЫК РЕСУРСА
Язык текста, звукозаписи и т.д. русский
Язык резюме английский
102 ## - СТРАНА ПУБЛИКАЦИИ ИЛИ ПРОИЗВОДСТВА
Страна публикации российская федерация
105 ## - ПОЛЕ КОДИРОВАННЫХ ДАННЫХ: ТЕКСТОВЫЕ МАТЕРИАЛЫ, МОНОГРАФИЧЕСКИЕ
Кодированные данные о монографическом текстовом документе a |||||||||
200 1# - ЗАГЛАВИЕ И СВЕДЕНИЯ ОБ ОТВЕТСТВЕННОСТИ
Основное заглавие Ливниевые свинцово-сцинтилляционные детекторы монитора светимости установки H1
Первые сведения об ответственности В.Ф. Андреев, А.С. Белоусов, С.В. Левонян и др.
210 ## - ПУБЛИКАЦИЯ, РАСПРОСТРАНЕНИЕ И ДР.
Место издания, распространения и т.д. М.
Имя издателя, распространителя и т. д. Б.и.
Дата издания, распространения и т.д. 1997
215 ## - ФИЗИЧЕСКАЯ ХАРАКТЕРИСТИКА
Специфическое обозначение материала и объем 24 с.
Другие сведения о физической характеристике ил.
Размеры 21
606 0# - НАИМЕНОВАНИЕ ТЕМЫ КАК ПРЕДМЕТ
Наименование темы Ускорители заряженных частиц со встречными пучками "Гера"
Системный номер авторитетной/нормативной записи 1394282
Идентификатор авторитетной/нормативной записи RU\NLR\auth\66273350
606 0# - НАИМЕНОВАНИЕ ТЕМЫ КАК ПРЕДМЕТ
Наименование темы HERA, ускоритель заряженных частиц со встречными пучками
Системный номер авторитетной/нормативной записи 2211933
Идентификатор авторитетной/нормативной записи RU\NLR\auth\661328710
606 0# - НАИМЕНОВАНИЕ ТЕМЫ КАК ПРЕДМЕТ
Наименование темы Сцинтилляционные детекторы
Системный номер авторитетной/нормативной записи 943899
Идентификатор авторитетной/нормативной записи RU\NLR\auth\66349702
606 0# - НАИМЕНОВАНИЕ ТЕМЫ КАК ПРЕДМЕТ
Наименование темы Электронно-протонные пучки встречные
Тематический подзаголовок Светимость
-- Измерение
Системный номер авторитетной/нормативной записи 2160795
Идентификатор авторитетной/нормативной записи RU\NLR\auth\661300423
686 ## - ИНДЕКСЫ ДРУГИХ КЛАССИФИКАЦИЙ
Индекс В381.14
701 #1 - ИМЯ ЛИЦА - АЛЬТЕРНАТИВНАЯ ОТВЕТСТВЕННОСТЬ
Код отношения Автор
Материалы, к которым относится поле rus
Графика поля Кириллица
Начальный элемент ввода Андреев
Часть имени, кроме начального элемента ввода В. Ф.
Дополнения к именам, кроме дат физик
Расширение инициалов личного имени Владимир Филиппович
Идентификатор авторитетной/нормативной записи RU\NLR\auth\77103721
Системный номер авторитетной/нормативной записи 86646
701 #1 - ИМЯ ЛИЦА - АЛЬТЕРНАТИВНАЯ ОТВЕТСТВЕННОСТЬ
Начальный элемент ввода Белоусов
Часть имени, кроме начального элемента ввода А. С.
Код отношения Автор
701 #1 - ИМЯ ЛИЦА - АЛЬТЕРНАТИВНАЯ ОТВЕТСТВЕННОСТЬ
Начальный элемент ввода Левонян
Часть имени, кроме начального элемента ввода С. В.
Код отношения Автор
801 #0 - ИСТОЧНИК ЗАПИСИ
Страна российская федерация
Организация NLR
Дата составления 19990325
Правила каталогизации PSBO
801 #1 - ИСТОЧНИК ЗАПИСИ
Страна российская федерация
Организация NLR
Дата составления 19990325
852 ## - МЕСТОНАХОЖДЕНИЕ И ШИФР ХРАНЕНИЯ
Идентификатор организации NLR
Шифр хранения (Call Number) 99-6/25
942 ## - ДОПОЛНИТЕЛЬНЫЕ ЭЛЕМЕНТЫ ЗАПИСИ (АБИС)
Тип экземпляра АБИС Книга
980 ## - КОЛЛЕКЦИЯ
Название коллекции Национальная библиография
Экземпляры
Тип экземпляра Дата поступления Библиотека постоянного хранения Библиотека текущего хранения Место хранения Шифр хранения Штрих-код Статус не для выдачи
Книга 26.10.2013 РНБ (Московский) РНБ (Московский) Русский книжный фонд: издания с 1957 года, 8этаж 99-6/25 17772-10